Effect of fresh water spinach and red earth worm supplementation in CP concentrate on growth rate of avian broiler chicken at royal university of agriculture, ប្រសិទ្ធភាពនៃការបន្ថែមត្រកូនស្រស់​ និង​ជន្លេនក្រហម​ស្រស់ទៅលើចំណីCPសំរាប់ការលូតលាស់របស់មាន់សាច់ពូជAVIAN នៅក្នុងស្ថានីយពិសោធន៍សត្វ នៃសាកលវិទ្យាល័យភូមិន្ទកសិកម្ម (Record no. 2457)

000 -LEADER
fixed length control field 00967nam a22001337a 4500
040 ## - CATALOGING SOURCE
Transcribing agency RUA
082 ## - DEWEY DECIMAL CLASSIFICATION NUMBER
Classification number AVM CHE 2010 B096 Or.1
100 ## - MAIN ENTRY--AUTHOR NAME
Personal name CHEA, VICHET.
245 ## - TITLE STATEMENT
Title Effect of fresh water spinach and red earth worm supplementation in CP concentrate on growth rate of avian broiler chicken at royal university of agriculture, ប្រសិទ្ធភាពនៃការបន្ថែមត្រកូនស្រស់​ និង​ជន្លេនក្រហម​ស្រស់ទៅលើចំណីCPសំរាប់ការលូតលាស់របស់មាន់សាច់ពូជAVIAN នៅក្នុងស្ថានីយពិសោធន៍សត្វ នៃសាកលវិទ្យាល័យភូមិន្ទកសិកម្ម
260 ## - PUBLICATION, DISTRIBUTION, ETC. (IMPRINT)
Place of publication Phnom Penh
Name of publisher RUA
Year of publication 2010
300 ## - PHYSICAL DESCRIPTION
Number of Pages xi; 46p.
Other physical details ill.
Dimensions 29cm.
856 ## - ELECTRONIC LOCATION AND ACCESS
Uniform Resource Identifier https://drive.google.com/file/d/1iDG7DyWX214Ekm813ioVXVRFnwhBJyLF/view?usp=sharing
942 ## - ADDED ENTRY ELEMENTS (KOHA)
Koha item type AVM
952 ## - LOCATION AND ITEM INFORMATION (KOHA)
Withdrawn status [LOCAL, KOHA] 0
952 ## - LOCATION AND ITEM INFORMATION (KOHA)
Withdrawn status [LOCAL, KOHA] 0
952 ## - LOCATION AND ITEM INFORMATION (KOHA)
Withdrawn status [LOCAL, KOHA] 0
952 ## - LOCATION AND ITEM INFORMATION (KOHA)
Withdrawn status [LOCAL, KOHA] 0
952 ## - LOCATION AND ITEM INFORMATION (KOHA)
Withdrawn status [LOCAL, KOHA] 0
952 ## - LOCATION AND ITEM INFORMATION (KOHA)
Withdrawn status [LOCAL, KOHA] 0
952 ## - LOCATION AND ITEM INFORMATION (KOHA)
Withdrawn status [LOCAL, KOHA] 0
952 ## - LOCATION AND ITEM INFORMATION (KOHA)
Withdrawn status [LOCAL, KOHA] 0
Holdings
Permanent Location Date acquired Koha item type Lost status Shelving location Barcode Current Location Full call number
Library Block B2015-10-21AVM B096RUA015321Library Block BAVM CHE 2010 B096 Or.1
Library Block B2015-10-21AVM B096RUA015307Library Block BAVM CHE 2010 B096 Or.2
Library Block B2015-10-21AVM B096RUA015752Library Block BAVM CHE 2010 B096 Or.3
Library Block B2015-10-21AVM B096RUA015451Library Block BAVM CHE 2010 B096 Or.4
Library Block B2015-10-21AVM B096RUA015318Library Block BAVM CHE 2010 B096 Or.5
Library Block B2015-10-21AVM B096RUA015677Library Block BAVM CHE 2010 B096 Or.6
Library Block B2015-10-21AVM B096RUA019505Library Block BAVM CHE 2010 B096 Or.7
Library Block B2015-10-21AVM B096RUA019394Library Block BAVM CHE 2010 B096 Or.8
មជ្ឈមណ្ឌលឯការនៃសាកលវិទ្យាល័យភូមិន្ទកសិកម្មចំការដូង

Powered by Koha